| 000 | 00366nam a2200145 a 4500 | ||
|---|---|---|---|
| 020 | _a0948549122 (pbk) : | ||
| 040 | _cUKM | ||
| 082 | _a332 PET 1991 A075 Or. | ||
| 100 | 1 | _aCollin, P. H. | |
| 245 | 1 | 0 | _aDictionary of banking and finance / |
| 260 |
_aTeddington : _bPeter Collin Publishing, _c1991 |
||
| 300 |
_a260 p. ; _c20 cm |
||
| 650 | 0 | _aFinance | |
| 942 | _cEK | ||
| 999 |
_c15375 _d15375 |
||